000 00630nam a22001697a 4500
008 161124b xxu||||| |||| 00| 0 eng d
040 _aKABU
_cKABU
050 _aLB2970
_b.K46K57
100 _aKiptoo, Patrick K.
245 _aEffect of organizational leadership on academic performance of secondary schools in Kenya:
_ba case of Baringo central sub-county /
_cPatrick Kiptoo K.
250 _a1st ed.
260 _aNakuru, Kenya:
_bKabarak university,
_c2013.
300 _axii, 76 p.
_eCD-ROM
700 _aChepkilot, Ronald K.
700 _aNjanja, Lily W.
942 _2lcc
_cTHE
_e1st ed.
_hLB2970 .K46K57
_kKTC/The
999 _c16238
_d16238